[Event "Mechanics' Spring TNM; 30/90, SD/30"]
[Site "San Francisco"]
[Date "2014.04.22"]
[Round "6.24"]
[White "Rothman, Ivan"]
[Black "Casares, Nick"]
[Result "1-0"]
[WhiteElo "1466"]
[BlackElo "1608"]
[PlyCount "72"]
[EventDate "2014.??.??"]

1. Nf3 d5 2. g3 Nc6 3. Bg2 e5 4. d3 Nf6 5. O-O h6 6. Nbd2 Be6 7. Re1 Bd6 8. e4
d4 9. c3 Bg4 10. Nc4 O-O 11. Nxd6 Qxd6 12. c4 a5 13. a3 Ne7 14. Bd2 c5 15. h4
Nc6 16. Qc1 Bxf3 17. Bxf3 Nh7 18. Bg2 Qg6 19. Kh2 f5 20. f4 fxe4 21. Bxe4 Qg4
22. Bxc6 bxc6 23. Rxe5 Rfe8 24. Qd1 Qd7 25. Rxc5 Nf6 26. Qf3 Ng4+ 27. Kg2 Ne3+
28. Bxe3 Rxe3 29. Qf2 Qg4 30. Re1 Rae8 31. Rxe3 Rxe3 32. Re5 Rxd3 33. Rxa5 Qd1
34. Kh3 Rd2 35. Qxd2 Qxd2 36. Ra8+ Kh7 1-0

[Event "Mechanics' Spring TNM; 30/90, SD/30"]
[Site "San Francisco"]
[Date "2014.04.08"]
[Round "4.27"]
[White "Rothman, Ivan"]
[Black "Cohee, James"]
[Result "0-1"]
[WhiteElo "1466"]
[BlackElo "1638"]
[PlyCount "126"]
[EventDate "2014.??.??"]

1. Nf3 d5 2. g3 Nf6 3. Bg2 c5 4. O-O Nc6 5. d3 e5 6. e4 d4 7. a4 Bd6 8. Na3 O-O
9. Nc4 Bc7 10. Ne1 h6 11. h4 Bg4 12. Qd2 Qd7 13. f3 Bh3 14. g4 Bxg2 15. Nxg2
Rae8 16. g5 hxg5 17. Qxg5 Bd8 18. Qg3 Re6 19. Bh6 Nh5 20. Qg4 Qe8 21. Qxh5 Rxh6
22. Qg4 f6 23. Nd6 Qg6 24. Qxg6 Rxg6 25. Nf5 Ne7 26. Nxe7+ Bxe7 27. Kf2 f5 28.
h5 Rg5 29. Rh1 fxe4 30. dxe4 Rf6 31. Rh3 c4 32. Rah1 Bc5 33. Kf1 d3 34. cxd3
cxd3 35. f4 d2 36. Rd3 exf4 37. Rxd2 f3 38. Ne1 Bb4 39. Rf2 Bxe1 40. Kxe1 Re5
41. Rh4 Rfe6 42. Rxf3 Rxe4+ 43. Rxe4 Rxe4+ 44. Kd2 Rxa4 45. Rd3 Rb4 46. Kc3 a5
47. Rd7 Kh7 48. Rd6 Rb5 49. Rd7 Kh6 50. b3 b6 51. Kc4 Rb4+ 52. Kc3 Rf4 53. Rd5
Rf3+ 54. Kc4 Rf4+ 55. Kc3 Rh4 56. Rb5 Rxh5 57. Rxb6+ Kg5 58. Rb5+ Kg4 59. Rxh5
Kxh5 60. b4 axb4+ 61. Kxb4 Kg4 62. Kc4 Kf3 63. Kd4 g5 0-1

[Event "Mechanics' Spring TNM; 30/90, SD/30"]
[Site "San Francisco"]
[Date "2014.03.25"]
[Round "2.11"]
[White "Rothman, Ivan"]
[Black "Ostrovsky, Sergey"]
[Result "0-1"]
[WhiteElo "1466"]
[BlackElo "1983"]
[PlyCount "86"]
[EventDate "2014.??.??"]

1. Nf3 d5 2. g3 Nf6 3. Bg2 Bf5 4. O-O e6 5. d3 h6 6. Nbd2 c6 7. b3 Be7 8. Bb2
O-O 9. Re1 Nbd7 10. e4 Bh7 11. e5 Ne8 12. d4 c5 13. c3 b5 14. h3 c4 15. bxc4
bxc4 16. a4 Rb8 17. Ba3 Bxa3 18. Rxa3 Rb2 19. Qa1 Qb6 20. Ra2 Rxa2 21. Qxa2 Nc7
22. Qa3 Rb8 23. Qd6 Qxd6 24. exd6 Ne8 25. Ne5 Nef6 26. f4 Kf8 27. a5 Rb2 28.
Ndf3 Be4 29. g4 Rc2 30. g5 Nxe5 31. fxe5 Nh7 32. Re3 Nxg5 33. Ne1 Rc1 34. h4
Bxg2 35. hxg5 Be4 36. gxh6 gxh6 37. Kf2 h5 38. Rg3 Bg6 39. Ng2 Ke8 40. Nf4 h4
41. Re3 $2 Bf5 42. Nh3 Bd3 43. Nf4 Rf1+ 0-1

[Event "Mechanics' Spring TNM; 30/90, SD/30"]
[Site "San Francisco"]
[Date "2014.05.06"]
[Round "8.30"]
[White "Rothman, Ivan"]
[Black "Schlosberg, Mark"]
[Result "1/2-1/2"]
[WhiteElo "1466"]
[BlackElo "1289"]
[PlyCount "56"]
[EventDate "2014.??.??"]

1. Nf3 d5 2. g3 Nf6 3. Bg2 c5 4. O-O Nc6 5. d3 e5 6. e4 d4 7. a4 Be7 8. Na3 Bg4
9. Nc4 O-O 10. Qe1 Bxf3 11. Bxf3 a6 12. a5 Bd6 13. Bg2 Qd7 14. Nb6 Qe6 15. Nxa8
Rxa8 16. f4 Ng4 17. h3 Nf6 18. f5 Qd7 19. Qe2 Qc7 20. Bg5 Be7 21. Bxf6 Bxf6 22.
Qd2 b5 23. axb6 Qxb6 24. c3 Na5 25. Qe1 Nc6 26. Rf2 Bg5 27. Kh2 f6 28. h4 Be3
1/2-1/2

[Event "Mechanics' Fall TNM; 30/90, SD/30"]
[Site "San Francisco"]
[Date "2014.10.28"]
[Round "2.22"]
[White "Royzen, Igor"]
[Black "Ayinala, Shree"]
[Result "1-0"]
[WhiteElo "1857"]
[BlackElo "1180"]
[PlyCount "79"]
[EventDate "2014.??.??"]

1. d4 Nf6 2. Bf4 g6 3. e3 Bg7 4. Nf3 d6 5. h3 e6 6. Be2 Nc6 7. c4 d5 8. Nc3 a6
9. Rc1 h6 10. a3 Bd7 11. b4 dxc4 12. Bxc4 b5 13. Bb3 Rb8 14. Qe2 Ne7 15. O-O
O-O 16. Rfd1 Ned5 17. Nxd5 Nxd5 18. Bxd5 exd5 19. Bxc7 Qe8 20. Bxb8 Qxb8 21.
Rc5 Be6 22. Rdc1 Kh7 23. Rc6 Qb7 24. Qc2 Re8 25. Qc5 Ra8 26. Rc7 Qb8 27. Qe7
Qf8 28. Qxf8 Bxf8 29. Ne5 Kg8 30. R1c6 a5 31. Nxg6 Bxh3 32. Nxf8 Kxf8 33. gxh3
Kg7 34. Rc5 axb4 35. axb4 Rb8 36. Rxd5 Kf6 37. Rcc5 Rg8+ 38. Kf1 Rb8 39. Rxb5
Rxb5 40. Rxb5 1-0

[Event "Mechanics' Fall TNM; 30/90, SD/30"]
[Site "San Francisco"]
[Date "2014.12.16"]
[Round "8.12"]
[White "Royzen, Igor"]
[Black "Gaffagan, Steven"]
[Result "1/2-1/2"]
[WhiteElo "1857"]
[BlackElo "2129"]
[Annotator "Donaldson"]
[PlyCount "110"]
[EventDate "2014.??.??"]

1. d4 Nf6 2. Bf4 b5 3. e3 a6 4. Nf3 Bb7 5. Nbd2 d6 6. c4 bxc4 7. Bxc4 e6 8. O-O
Nbd7 9. Rc1 Be7 10. h3 O-O 11. Qc2 c5 12. dxc5 Nxc5 13. Nb3 Rc8 14. Nxc5 Rxc5
15. b4 Rc6 16. Qb1 Qa8 17. Be2 Nd5 18. Rxc6 Nxf4 19. exf4 Bxc6 20. Rc1 Be4 21.
Qb3 Rc8 22. Rxc8+ Qxc8 23. Qc4 Qxc4 24. Bxc4 Bxf3 25. gxf3 d5 26. Bxa6 Bxb4 27.
Kf1 (27. f5) 27... Kf8 (27... g6 $1) 28. Ke2 Ke7 (28... g6) 29. Bd3 h6 $6 (
29... g6) 30. f5 e5 31. Bc2 Kf6 32. Bb3 d4 33. f4 e4 34. f3 Kxf5 35. fxe4+ Kxe4
36. Bxf7 d3+ 37. Kd1 Kxf4 38. Bg6 Kg3 39. Bf5 g5 40. Bg4 Ba5 41. Bf5 h5 42. Be6
Bc3 43. Bf5 Bb4 ({Black needs his passed pawns futher apart so White's king
and bishop cannot assist each other. For example:} 43... d2 44. Be6 Kf4 45. Bc8
g4 46. hxg4 h4 (46... hxg4 47. Ke2 {and Black cannot make progress.}) 47. Bd7
h3 48. g5 h2 49. Bc6 Kxg5 50. Bh1 Kf4 51. Ke2 Ba5 52. Bg2 Ke5 53. Bh1 (53. Bf3
Kd4 54. Kf1 d1=Q+) 53... Kd4 54. Bg2 Kc3 55. Kd1 Kd3 56. Bh1 Ke3 57. Bc6 Kf2)
44. Be6 g4 45. hxg4 hxg4 (45... h4 46. g5) 46. Bf5 d2 47. Ke2 Kf4 48. Bc2 g3
49. Kf1 Ke3 50. Bd1 Bd6 51. a4 Bc7 52. Kg2 Kd4 53. Bf3 Kc5 54. Kf1 Kb4 55. Bd1
Ka5 1/2-1/2

[Event "Mechanics' SummerTNM; 30/90, SD/30"]
[Site "San Francisco"]
[Date "2014.06.17"]
[Round "4.13"]
[White "Royzen, Igor"]
[Black "Handler, Andrew"]
[Result "1-0"]
[WhiteElo "1855"]
[BlackElo "1636"]
[PlyCount "77"]
[EventDate "2014.??.??"]

1. d4 e6 2. Bf4 f5 3. e3 Nf6 4. Nf3 Be7 5. h3 O-O 6. Nbd2 b6 7. c3 Bb7 8. Bc4
d5 9. Bd3 Ne4 10. Qe2 Nd7 11. O-O-O c5 12. g4 c4 13. Bc2 b5 14. gxf5 exf5 15.
Ne5 b4 16. cxb4 Bxb4 17. Nxe4 fxe4 18. Rhg1 Nxe5 19. Bxe5 Rf7 20. Rg2 Bf8 21.
Qh5 Bc6 22. Rdg1 Qe7 23. f4 Bd7 24. Rg5 Rc8 25. f5 Rc6 26. Ba4 Rcf6 27. Bxd7
Qxd7 28. Bxf6 Rxf6 29. Qg4 c3 30. b3 Qe7 31. Rg2 a5 32. Qf4 a4 33. Qb8 Kf7 34.
Qb5 axb3 35. Qxd5+ Ke8 36. Qxb3 Qc7 37. Qb5+ Kf7 38. Qd5+ Ke8 39. Qxe4+ 1-0

[Event "Mechanics' Fall TNM; 30/90, SD/30"]
[Site "San Francisco"]
[Date "2014.12.09"]
[Round "7.19"]
[White "Royzen, Igor"]
[Black "McKellar, Daniel"]
[Result "1-0"]
[WhiteElo "1857"]
[BlackElo "1496"]
[PlyCount "71"]
[EventDate "2014.??.??"]

1. d4 d5 2. Bf4 Nf6 3. e3 c5 4. c3 Nc6 5. Nf3 Qb6 6. Qb3 c4 7. Qc2 Bf5 8. Qc1
Nh5 9. Bg3 Nxg3 10. hxg3 h6 11. Nbd2 Qc7 12. Be2 e6 13. Bd1 b5 14. Bc2 Bxc2 15.
Qxc2 f5 16. g4 g6 17. gxf5 gxf5 18. g4 fxg4 19. Qg6+ Qf7 20. Qxg4 Be7 21. Qh5
Qxh5 22. Rxh5 b4 23. Ke2 Kf7 24. Rah1 Kg6 25. e4 Rag8 26. exd5 exd5 27. Rxd5
bxc3 28. bxc3 Re8 29. Nxc4 Kf6 30. Kd3 Kg7 31. Nd6 Ref8 32. Nf5+ Kg6 33. Nxe7+
Nxe7 34. Ne5+ Kh7 35. Rd7 Re8 36. Nc6 1-0

[Event "Mechanics' Winter TNM; 30/90, SD/30"]
[Site "San Francisco"]
[Date "2014.01.28"]
[Round "4.16"]
[White "Royzen, Igor"]
[Black "Nyangar, Enkhmaa"]
[Result "0-1"]
[WhiteElo "1852"]
[BlackElo "1645"]
[Annotator "Donaldson"]
[PlyCount "28"]
[EventDate "2014.??.??"]

1. d4 d5 2. Bf4 Nf6 3. e3 Bf5 4. c4 e6 5. Qb3 b6 6. Nc3 Bd6 7. Bxd6 Qxd6 8. Nf3
c6 9. cxd5 cxd5 10. Nb5 Qe7 11. Rc1 Na6 12. Qa4 O-O 13. Qxa6 Qb4+ 14. Kd1 $2 (
14. Rc3 Ne4 15. Qa3 $18) 14... Ng4 {
White resigned, missing 15.Rc2 which would have kept him in the game.} 0-1

[Event "Mechanics' Fall TNM; 30/90, SD/30"]
[Site "San Francisco"]
[Date "2014.11.25"]
[Round "5.14"]
[White "Royzen, Igor"]
[Black "Sahin, Ozgur"]
[Result "1-0"]
[WhiteElo "1857"]
[BlackElo "1969"]
[PlyCount "75"]
[EventDate "2014.??.??"]

1. d4 Nf6 2. Nf3 e6 3. e3 Be7 4. Bd3 O-O 5. Nbd2 d5 6. O-O c5 7. c3 Nc6 8. Qe2
b6 9. Ne5 Qc7 10. f4 g6 11. g4 Nd7 12. Ndf3 Ndxe5 13. fxe5 f6 14. exf6 Rxf6 15.
Bd2 Bb7 16. Be1 Raf8 17. Bg3 Bd6 18. Bxd6 Qxd6 19. Bb5 Ne7 20. Ne5 Bc6 $2 21.
Rxf6 Rxf6 22. Rf1 Bxb5 23. Qxb5 Rxf1+ 24. Qxf1 $18 Qd8 25. Qf7+ Kh8 26. Qf6+
Kg8 27. Qxe6+ Kg7 28. Qf7+ Kh8 29. Kg2 a6 30. Kg3 a5 31. dxc5 bxc5 32. Qxg6 Qc7
33. Qf6+ Kg8 34. Qe6+ Kh8 35. Kh3 Kg7 36. Qf7+ Kh6 37. Qf6+ Ng6 38. Nf7+ 1-0

[Event "Mechanics' SummerTNM; 30/90, SD/30"]
[Site "San Francisco"]
[Date "2014.05.27"]
[Round "1.22"]
[White "Royzen, Igor"]
[Black "Schlosberg, Mark"]
[Result "1-0"]
[WhiteElo "1855"]
[BlackElo "1277"]
[PlyCount "59"]
[EventDate "2014.??.??"]

1. g3 e5 2. c4 Nc6 3. Nc3 Nf6 4. Bg2 Bb4 5. Nf3 O-O 6. O-O d6 7. d3 h6 8. Bd2
Be6 9. a3 Bxc3 10. Bxc3 Qd7 11. b4 Bh3 12. b5 Nd4 13. Nxd4 Bxg2 14. Kxg2 exd4
15. Bxd4 c6 16. Bxf6 gxf6 17. a4 c5 18. e4 Kh8 19. Qh5 Kh7 20. f4 Rg8 21. Rae1
Raf8 22. Re3 Qg4 23. Qd5 Qd7 24. e5 Re8 25. Rfe1 f5 26. exd6 Rxe3 27. Rxe3 Re8
28. Rxe8 Qxe8 29. Qxf5+ Kg7 30. Qe5+ 1-0

[Event "Mechanics' Winter TNM; 30/90, SD/30"]
[Site "San Francisco"]
[Date "2014.01.14"]
[Round "2.4"]
[White "Royzen, Igor"]
[Black "Thornally, Frank"]
[Result "1-0"]
[WhiteElo "1852"]
[BlackElo "2200"]
[PlyCount "61"]
[EventDate "2014.??.??"]

1. d4 d6 2. Bf4 Nf6 3. e3 Nc6 4. Nf3 Bg4 5. Be2 Nd7 6. c4 e5 7. Bg3 Be7 8. Nc3
O-O 9. O-O f5 10. dxe5 dxe5 11. Qd5+ Kh8 12. h3 Bxf3 13. Bxf3 f4 14. Bh2 Nb6
15. Qe4 Bd6 16. Rad1 Qf6 17. Nb5 Rad8 18. Nxd6 Rxd6 19. Rxd6 Qxd6 20. Rd1 Qb4
21. b3 Qa3 22. exf4 Nd4 23. fxe5 Nxf3+ 24. gxf3 Qxa2 25. Qd3 Qa3 26. Bg3 Qe7
27. Qe4 Nd7 28. Qd5 Nc5 29. b4 Ne6 30. Kg2 Rd8 31. Qxe6 1-0

[Event "Mechanics' Whitehead TNM; 30/90, SD/30"]
[Site "San Francisco"]
[Date "2014.09.16"]
[Round "7.32"]
[White "Sachs-Weintraub, Julian"]
[Black "James, Charles"]
[Result "0-1"]
[WhiteElo "850"]
[BlackElo "1497"]
[Annotator "Donaldson"]
[PlyCount "50"]
[EventDate "2014.??.??"]

1. e4 e6 2. d4 d5 3. e5 c5 4. c3 Qb6 5. Nf3 Nc6 6. a4 $2 (6. Be2) (6. Bd3) (6.
a3) 6... Bd7 7. Bb5 a6 (7... cxd4 8. cxd4 Nge7 {with ...Nf5 to follow.}) 8.
Bxc6 Bxc6 9. O-O Be7 (9... Ne7) 10. Qc2 f6 $6 11. exf6 Nxf6 12. Re1 Ne4 13.
Nbd2 (13. Be3 O-O 14. Nbd2 $14) 13... O-O 14. dxc5 $2 (14. Nxe4 dxe4 15. Ne5
cxd4 16. cxd4 Qxd4 17. Nxc6 bxc6 18. Be3 $14) 14... Bxc5 15. Nxe4 dxe4 16. Nd4
{Diagram #} Bxd4 (16... e5 $1) 17. cxd4 Qxd4 18. Be3 Qf6 19. Rad1 Rac8 20. Bd4
e5 21. Be3 Qe6 22. Qc3 $2 Bxa4 $19 23. Qa5 Bxd1 24. Rxd1 Qb3 25. Rc1 Qxb2 0-1

[Event "Mechanics' SummerTNM; 30/90, SD/30"]
[Site "San Francisco"]
[Date "2014.06.03"]
[Round "2.11"]
[White "Sachs-Weintraub, Julian"]
[Black "Krasnov, Steven"]
[Result "0-1"]
[WhiteElo "850"]
[BlackElo "2007"]
[PlyCount "64"]
[EventDate "2014.??.??"]

1. e4 d6 2. d4 Nf6 3. Nc3 g6 4. h3 Bg7 5. Nf3 c6 6. a4 O-O 7. Bc4 a5 8. O-O Na6
9. Be3 Nb4 10. Qd2 d5 11. exd5 Nfxd5 12. Bh6 Bf5 13. Bxg7 Kxg7 14. Nxd5 Nxd5
15. Bxd5 Qxd5 16. c3 $2 (16. Rfe1 $14 Bxh3 $2 17. Re5 $18) 16... Bxh3 $1 17. c4
Qf5 $2 (17... Qh5) 18. Nh2 $1 Rfd8 $2 19. gxh3 e5 20. Ng4 Rxd4 21. Qh6+ Kg8 22.
Qh4 Kg7 23. Rae1 $2 (23. Qg3 $16) 23... h5 24. Rxe5 Qxe5 25. f4 Qd6 26. Ne3 Re8
27. Qe1 Qe6 28. Nc2 Qxe1 29. Nxe1 Rxc4 30. Nd3 Re3 31. Ne5 Rxa4 32. Rd1 Rxf4
0-1

[Event "Mechanics' Whitehead TNM; 30/90, SD/30"]
[Site "San Francisco"]
[Date "2014.09.23"]
[Round "8.31"]
[White "Sachs-Weintraub, Julian"]
[Black "McKellar, Daniel"]
[Result "0-1"]
[WhiteElo "850"]
[BlackElo "1504"]
[PlyCount "88"]
[EventDate "2014.??.??"]

1. e4 e6 2. d4 d5 3. e5 c5 4. c3 Nc6 5. Bb5 Bd7 6. Nf3 Nxe5 7. Nxe5 Bxb5 8. Na3
Bc6 9. c4 dxc4 10. Naxc4 cxd4 11. O-O Nf6 12. Nxc6 bxc6 13. Ne5 c5 14. Bg5 Be7
15. Bxf6 Bxf6 16. Qa4+ Kf8 17. Nd7+ Kg8 18. Nxc5 g6 19. Rad1 Qd5 20. b4 Kg7 21.
Nd7 Rhd8 22. Nxf6 Kxf6 23. Rd2 Qc4 24. Qa3 Qc3 25. Rd3 Qxa3 26. Rxa3 d3 27. f4
d2 28. Rd1 Rac8 29. Rf3 Rc1 30. Rff1 Rxd1 31. Rxd1 Kf5 32. Kf2 Kxf4 33. Ke2 Ke4
34. Rxd2 Rxd2+ 35. Kxd2 Kd4 36. a3 Kc4 37. Kc2 f5 38. g3 e5 39. h3 g5 40. b5
Kxb5 41. Kd3 Ka4 42. Kc4 a5 43. Kd5 e4 44. Kd4 Kxa3 0-1

[Event "Mechanics' Whitehead TNM; 30/90, SD/30"]
[Site "San Francisco"]
[Date "2014.08.26"]
[Round "4.22"]
[White "Sachs-Weintraub, Julian"]
[Black "Sadowsky, Jacob"]
[Result "1/2-1/2"]
[WhiteElo "850"]
[BlackElo "1736"]
[PlyCount "113"]
[EventDate "2014.??.??"]

1. e4 Nf6 2. e5 Nd5 3. c4 Nb6 4. d4 Nc6 5. Nf3 d6 6. exd6 cxd6 7. b3 Bf5 8. Bd2
g6 9. d5 Ne5 10. Nxe5 dxe5 11. Ba5 Qd6 12. Qc1 Bg7 13. Qc3 O-O 14. Bb4 Qc7 15.
Qd2 Rfd8 16. Nc3 a6 17. f3 e4 18. fxe4 Bxe4 19. Rd1 Bf5 20. Be2 Rac8 21. O-O
Bxc3 22. Qxc3 Nxd5 23. cxd5 Qxc3 24. Bxc3 Rxc3 25. Rfe1 Kf8 26. Bf3 Rc2 27. Ra1
Rd6 28. Red1 h5 29. h3 h4 30. Rdc1 Rb2 31. Rc7 b5 32. Rc6 Bb1 33. a4 b4 34. Rc4
Rxb3 35. Rxh4 Bc2 36. Rc1 Rb2 37. a5 b3 38. Rd4 Ra2 39. Rb4 Rxa5 40. Bd1 Ra2
41. Bxc2 Rxc2 42. Rb1 Rxd5 43. R4xb3 Rdd2 44. Rg3 Ra2 45. Kh2 a5 46. Rb8+ Kg7
47. h4 a4 48. h5 Rd6 49. Rb7 Re2 50. Ra7 Re5 51. hxg6 Rxg6 52. Ra3 Rg4 53. g3
f5 54. Kh3 Kf6 55. Ra6+ e6 56. R6xa4 Rxa4 57. Rxa4 {
the scoresheets end here - the game was eventually drawn.} 1/2-1/2

[Event "Mechanics' Whitehead TNM; 30/90, SD/30"]
[Site "San Francisco"]
[Date "2014.09.02"]
[Round "5.25"]
[White "Sadowsky, Jacob"]
[Black "Frank, Robert"]
[Result "1-0"]
[WhiteElo "1736"]
[BlackElo "1344"]
[Annotator "Donaldson"]
[PlyCount "71"]
[EventDate "2014.??.??"]

1. e4 e5 2. f4 exf4 3. Nf3 Nc6 4. Bc4 Nf6 5. Nc3 Bb4 6. d3 d5 7. exd5 Nxd5 8.
Qe2+ Nce7 9. Bxd5 Bxc3+ 10. bxc3 Qxd5 11. Bxf4 Qc5 12. Qe5 Qxe5+ 13. Bxe5 c6
14. O-O O-O 15. Bd6 Re8 16. Rae1 Be6 17. Nd4 Nd5 18. c4 Nf6 19. Nxe6 Rxe6 20.
Rxe6 fxe6 21. Rf3 Re8 22. Kf2 e5 23. h3 e4 24. Re3 Kf7 (24... exd3 {
looks safer. The black e-pawn will soon become a target.}) 25. d4 Rd8 26. Be5
Re8 27. g4 c5 28. c3 g5 29. a4 a6 30. Re1 Re6 31. Rb1 b6 32. Ke3 Kg6 33. Rf1
Nd7 34. Kxe4 Nxe5 35. dxe5 a5 36. Kd5 {A well-played ending by Sadowsky.} 1-0

[Event "Mechanics' Whitehead TNM; 30/90, SD/30"]
[Site "San Francisco"]
[Date "2014.09.16"]
[Round "7.12"]
[White "Sadowsky, Jacob"]
[Black "Grey, Peter"]
[Result "0-1"]
[WhiteElo "1736"]
[BlackElo "2000"]
[PlyCount "74"]
[EventDate "2014.??.??"]

1. e4 e5 2. f4 exf4 3. Nf3 g5 4. Bc4 Bg7 5. d4 d6 6. Qd3 h6 7. h3 Nc6 8. Nbd2
Nge7 9. c3 O-O 10. Bb3 d5 11. O-O dxe4 12. Nxe4 Bf5 13. Nfd2 Bg6 14. g3 fxg3
15. Qxg3 Nf5 16. Qf2 Ncxd4 17. Nf3 Nxb3 18. axb3 Qd5 19. Ra4 Rfe8 20. Ng3 b5
21. c4 Qd3 22. cxb5 Qxb3 23. Ra3 Qxb5 24. Nxf5 Qxf5 25. Kg2 Qd5 26. Kg1 Bh5 27.
Re3 Rxe3 28. Qxe3 Bxf3 29. Qxf3 Bd4+ 30. Be3 Qxf3 31. Rxf3 Bxe3+ 32. Rxe3 Kg7
33. Rc3 Rb8 34. Rxc7 a5 35. Rc2 a4 36. Kf2 Rb3 37. h4 Kg6 0-1

[Event "Mechanics' Whitehead TNM; 30/90, SD/30"]
[Site "San Francisco"]
[Date "2014.08.19"]
[Round "3.25"]
[White "Sadowsky, Jacob"]
[Black "Nagle, Michael"]
[Result "0-1"]
[WhiteElo "1736"]
[BlackElo "1449"]
[PlyCount "36"]
[EventDate "2014.??.??"]

1. e4 e5 2. f4 Bc5 3. Nf3 d6 4. Bc4 Nf6 5. Nc3 Nc6 6. d3 Bg4 7. Ne2 Qe7 8. h3
Bxf3 9. gxf3 O-O-O 10. c3 d5 11. exd5 Nxd5 12. Bxd5 Qh4+ 13. Kd2 Rxd5 14. b4
Rhd8 15. Qc2 Nxb4 16. cxb4 Bxb4+ 17. Ke3 exf4+ 18. Ke4 f5# 0-1

[Event "Mechanics' Spring TNM; 30/90, SD/30"]
[Site "San Francisco"]
[Date "2014.03.18"]
[Round "1.27"]
[White "Sahin, Ozgur"]
[Black "Campers, Willie"]
[Result "1/2-1/2"]
[WhiteElo "1913"]
[BlackElo "1663"]
[Annotator "Nalimov tablebase"]
[PlyCount "165"]
[EventDate "2014.??.??"]

1. d4 d5 2. c4 c6 3. Nc3 e6 4. Nf3 Bb4 5. e3 Nf6 6. Bd2 O-O 7. Bd3 Nbd7 8. Qc2
c5 9. O-O h6 10. Rfe1 a6 11. a3 Ba5 12. Rab1 Bc7 13. b4 cxb4 14. axb4 dxc4 15.
Bxc4 b5 16. Ba2 Bb7 17. e4 Rc8 18. Qd3 Re8 19. h3 Nb6 20. Be3 Bb8 21. Nd2 Qc7
22. e5 Qc6 23. f3 Nfd5 24. Nxd5 Nxd5 25. Ne4 Nxe3 26. Qxe3 Qb6 27. Nc5 Bc6 28.
Bb3 Red8 29. Nxe6 fxe6 30. Bxe6+ Kh8 31. Bxc8 Rxc8 32. Rbc1 Rd8 33. Kh1 Bd5 34.
Rc5 Qe6 35. Kh2 Bc4 36. Qe4 Ba7 37. Rc6 Qe7 38. Rxa6 Bxd4 39. Ra8 Bc3 40. Rxd8+
Qxd8 41. Re3 Bxb4 42. f4 Qd2 43. Rg3 Bd5 44. Qg6 Bf8 45. f5 Qf4 46. e6 Qe5 47.
Qe8 Qf6 48. Re3 Qe7 49. Qxb5 Qg5 50. Rg3 Bd6 51. Qe8+ Kh7 52. Qg6+ Qxg6 53.
fxg6+ Kg8 54. e7 Bxg3+ 55. Kxg3 Bc6 56. Kf4 Be8 57. Kf5 Bd7+ 58. Ke5 Be8 59.
Kf5 Kh8 60. h4 Kg8 61. h5 Bd7+ 62. Ke5 Be8 63. Kd6 Ba4 64. Kc7 Bb5 65. Kd8 Ba4
66. g4 Bb5 67. e8=Q+ Bxe8 68. Kxe8 Kh8 69. Ke7 Kg8 70. Ke6 Kh8 71. Kf5 Kg8 72.
g5 hxg5 73. Kxg5 Kh8 74. h6 gxh6+ $2 (74... Kg8 $1 {draws} 75. h7+ (75. Kh5
gxh6 76. Kxh6 Kh8 $11) 75... Kh8 $11) 75. Kxh6 Kg8 76. Kg5 $2 (76. g7 {wins})
76... Kg7 77. Kf5 Kf8 $2 (77... Kg8 {holds the draw}) 78. Kf6 {
now White has a win} Kg8 79. Kf5 $2 (79. g7 {wins}) 79... Kg7 80. Kg5 Kg8 81.
Kh6 Kh8 82. g7+ Kg8 83. Kg6 1/2-1/2

[Event "Mechanics' Fall TNM; 30/90, SD/30"]
[Site "San Francisco"]
[Date "2014.12.16"]
[Round "8.14"]
[White "Sahin, Ozgur"]
[Black "Ebert, John"]
[Result "1-0"]
[WhiteElo "1969"]
[BlackElo "1733"]
[PlyCount "117"]
[EventDate "2014.??.??"]

1. d4 e6 2. c4 Nf6 3. Nf3 c6 4. e3 d5 5. Bd3 Bd6 6. O-O Nbd7 7. Nc3 O-O 8. b3
Qe7 9. Qc2 e5 10. cxd5 cxd5 11. dxe5 Nxe5 12. Nxe5 Qxe5 13. f4 Qh5 14. h3 Bd7
15. Qf2 a6 16. Ne2 Rfe8 17. Bd2 Rac8 18. Rad1 Ne4 19. Bxe4 dxe4 20. Bc3 Bb5 21.
Rxd6 Bxe2 22. Rc1 g6 23. Qe1 Bd3 24. Ba1 Qe2 25. Kh2 Qxe1 26. Rxe1 Rc2 27. a4
Rec8 28. Rd7 b5 29. a5 f5 $2 30. Rg7+ Kf8 31. Rxh7 R8c6 32. Bd4 Rd2 33. Ra7
Rcc2 34. Rg1 b4 35. Kg3 Ra2 36. Bc5+ Kg8 37. Bxb4 Rdb2 38. Bc3 Rxb3 39. Rc1 Rc2
40. Rxc2 Bxc2 41. Bd4 Bd3 42. Rg7+ Kf8 43. Rxg6 Rb7 44. Rf6+ Rf7 45. Kh4 Be2
46. Kg5 Bf1 47. h4 Bxg2 48. Kxf5 Rxf6+ 49. Bxf6 Bf3 50. Kg6 Be2 51. h5 Bc4 52.
h6 Bf7+ 53. Kf5 Kg8 54. Kxe4 Kh7 55. Bg7 Kg6 56. f5+ Kh7 57. Ke5 Kg8 58. e4 Bb3
59. Kf6 1-0

[Event "Mechanics' Fall TNM; 30/90, SD/30"]
[Site "San Francisco"]
[Date "2014.10.28"]
[Round "2.19"]
[White "Sahin, Ozgur"]
[Black "Harris, Clarence"]
[Result "1-0"]
[WhiteElo "1969"]
[BlackElo "1617"]
[Annotator "Donaldson"]
[PlyCount "49"]
[EventDate "2014.??.??"]

1. d4 Nf6 2. c4 g6 3. Nc3 Bg7 4. e4 d6 5. h3 O-O 6. Be3 e5 7. d5 Na6 8. Nf3 Bd7
9. Be2 Nc5 10. Qc2 a5 11. Bxc5 (11. Nd2 {discouraging ...Nf6-h5-f4 and meeting
...Ne8 (intending ...f5) with g4, was another plan.}) 11... dxc5 12. Nxe5 {
Diagram #} Ne8 (12... Nxe4 13. Qxe4 (13. Nxd7 Bxc3+ 14. bxc3 Re8 15. Nxc5 Nxc5
16. O-O Qf6 {Black's better pawn structure and superior minor piece offer full
compensation for the sacrificed pawn.}) 13... Re8 14. Nxf7 (14. f4 f6) 14...
Kxf7 15. Qf3+ Kg8 16. O-O Qh4 17. Rae1 Bd4 18. Kh1 Re5 19. Bd3 Rf8 {
with good compensation for the pawn.}) 13. Nd3 Bd4 14. Bf3 Nd6 15. Ne2 Qf6 16.
Nxd4 Qxd4 17. Qc3 Qxc3+ 18. bxc3 Nxc4 19. Nxc5 Bc8 20. Be2 Nd6 21. f3 b6 22.
Nb3 b5 23. Nd4 Nc4 24. Nxb5 Ne3 25. Kf2 1-0

[Event "Mechanics' Spring TNM; 30/90, SD/30"]
[Site "San Francisco"]
[Date "2014.04.01"]
[Round "3.10"]
[White "Sahin, Ozgur"]
[Black "Poling, Scott"]
[Result "1-0"]
[WhiteElo "1913"]
[BlackElo "1659"]
[PlyCount "79"]
[EventDate "2014.??.??"]

1. d4 d5 2. c4 c6 3. Nc3 dxc4 4. e4 b5 5. a4 b4 6. Na2 e6 7. Bxc4 Nf6 8. f3 Be7
9. Bg5 a5 10. Ne2 Nbd7 11. O-O Qb6 12. Kh1 O-O 13. Rc1 Rd8 14. Qb3 Bb7 15. Rcd1
Ba6 16. Nac1 Bxc4 17. Qxc4 Qa6 18. Qxa6 Rxa6 19. Nb3 h6 20. Bh4 g5 21. Bg3 Ra7
22. Rc1 Rc8 23. Rfd1 Nb6 24. Bf2 Nxa4 25. d5 Raa8 26. dxc6 Nxb2 27. Rd2 Na4 28.
Ra2 Nb6 29. Bxb6 a4 30. Bc5 Bxc5 31. Nxc5 Rxc6 32. Rxa4 Rb8 33. Nd4 Rcc8 34.
Ndb3 Rd8 35. Kg1 Nd7 36. Rd1 Nxc5 37. Rxd8+ Rxd8 38. Nxc5 Rd1+ 39. Kf2 Rd2+ 40.
Kg3 1-0

[Event "Mechanics' Whitehead TNM; 30/90, SD/30"]
[Site "San Francisco"]
[Date "2014.08.19"]
[Round "3.18"]
[White "Sahin, Ozgur"]
[Black "Rakonitz, David"]
[Result "1-0"]
[WhiteElo "1969"]
[BlackElo "1558"]
[PlyCount "67"]
[EventDate "2014.??.??"]

1. d4 Nf6 2. c4 e6 3. Nf3 b6 4. g3 Bb7 5. Bg2 Be7 6. O-O O-O 7. Re1 Na6 8. Nc3
Ne4 9. a3 Nxc3 10. bxc3 c5 11. d5 d6 12. e4 e5 13. Be3 Bc8 14. Nd2 f5 15. f4
Bf6 16. Qc2 exf4 17. Bxf4 Bg5 18. Bxg5 Qxg5 19. Nf3 Qg4 20. e5 f4 21. e6 fxg3
22. h3 Qf5 23. Re4 Nc7 24. Rf1 Qg6 25. Qe2 Ne8 26. Rg4 Qh6 27. Rxg3 Ba6 28. Kh2
Nf6 29. e7 Rfe8 30. Qe6+ Kh8 31. Ng5 Rxe7 32. Qxe7 Qh4 33. Rxf6 h6 34. Rf8+ 1-0